Literatura, identitat i dret : III Jornades de la Ca tedra Baixeras /
Guardado en:
| Autor Corporativo: | |
|---|---|
| Otros Autores: | |
| Formato: | eBook |
| Idioma: | Catalan |
| Publicado: |
Tarragona :
Publicacions Universitat Rovira i Virgili,
2017.
|
| Series: | Quaderns de la Ca tedra Josep Anton Baixeras ;
3. |
| Materias: | |
| Acceso en línea: | https://elibro.net/ereader/unsbiblio/54921 |
| Etiquetas: |
Agregar Etiqueta
Sin Etiquetas, Sea el primero en etiquetar este registro!
|
| LEADER | 01939nam a2200469 i 4500 | ||
|---|---|---|---|
| 001 | elibro.ELB54921 | ||
| 003 | FlNmELB | ||
| 006 | m o d | | ||
| 007 | cr cnu|||||||| | ||
| 008 | 181210s2017 sp o 000 0 cat d | ||
| 020 | |a 9788484246404 (e-book) | ||
| 035 | |a (MiAaPQ)EBC5308915 | ||
| 035 | |a (Au-PeEL)EBL5308915 | ||
| 035 | |a (CaPaEBR)ebr11517728 | ||
| 035 | |a (OCoLC)1105892615 | ||
| 040 | |a FINmELB |b spa |e rda |c FINmELB | ||
| 050 | 4 | |a DP302.C69 |b J829 2017 | |
| 080 | |a 316.72(460.23) | ||
| 082 | 0 | |a 946.7 |2 23 | |
| 111 | 2 | |a Jornades de la Ca tedra Baixeras |n (3rd : |d 2016 : |c Tarragona) | |
| 245 | 1 | 0 | |a Literatura, identitat i dret : |b III Jornades de la Ca tedra Baixeras / |c coordinació de Magí Sunyer. |
| 264 | 1 | |a Tarragona : |b Publicacions Universitat Rovira i Virgili, |c 2017. | |
| 300 | |a 1 recurso en línea (78 páginas) | ||
| 336 | |a texto |b txt |2 rdacontent/spa | ||
| 337 | |a computadora |b c |2 rdamedia/spa | ||
| 338 | |a recurso en línea |b cr |2 rdacarrier/spa | ||
| 490 | 1 | |a Quaderns de la Ca tedra Josep Anton Baixeras ; |v 3 | |
| 588 | |a Descripción basada en recurso en línea; Título de la página del título en PDF (e-libro, visto December 10, 2018). | ||
| 590 | |a Recurso electrónico. Santa Fe, Arg.: e-libro, 2018. Disponible vía World Wide Web. El acceso puede estar limitado para las bibliotecas afiliadas a e-libro. | ||
| 600 | 1 | 0 | |a Baixeras, Josep Anton |x Criticism and interpretation. |
| 650 | 0 | |a National characteristics, Catalan |v Congresses. | |
| 650 | 0 | |a Collective memory |v Congresses. | |
| 650 | 0 | |a Law |z Spain |z Catalonia |v Congresses. | |
| 650 | 4 | |a Identidad nacional. | |
| 650 | 4 | |a Memoria colectiva. | |
| 650 | 4 | |a Derecho. | |
| 651 | 4 | |a España. | |
| 655 | 4 | |a Libros electrónicos. | |
| 700 | 1 | |a Sunyer, Magí, |e coordinador. | |
| 797 | 2 | |a e-libro, Corp. | |
| 830 | 0 | |a Quaderns de la Ca tedra Josep Anton Baixeras ; |v 3. | |
| 856 | 4 | 0 | |u https://elibro.net/ereader/unsbiblio/54921 |
